书目信息 |
| 题名: |
机床夹具设计习题集
|
|
| 作者: | 林家兰 , 梁明初 编 | |
| 分册: | ||
| 出版信息: | 北京 机械工业出版社 1990.7 |
|
| 页数: | 27页 | |
| 开本: | 19×26厘米 | |
| 丛书名: | ||
| 单 册: | ||
| 中图分类: | TG75-44 | |
| 科图分类: | ||
| 主题词: | 机床夹具--设计--习题 | |
| 电子资源: | ||
| ISBN: | 978-7-111-02408-8 | |
| 000 | 00676cam0 2200229 450 | |
| 001 | 0100319770 | |
| 005 | 20060508133214.0 | |
| 010 | @a978-7-111-02408-8@dCNY1.20 | |
| 100 | @a19910110d1990 em y0chiy0110 ea | |
| 101 | 0 | @achi |
| 102 | @aCN@b110000 | |
| 105 | @aa z 000yy | |
| 106 | @ar | |
| 200 | 1 | @a机床夹具设计习题集@9Ji Chuang Jia;Ga Ju She Ji Xi Ti Ji @f林家兰,梁明初编@b专著 |
| 210 | @a北京@c机械工业出版社@d1990.7 | |
| 215 | @a27页@d19×26厘米 | |
| 606 | 0 | @a机床夹具@x设计@x习题 |
| 690 | @aTG75-44@v3 | |
| 701 | 0 | @a林家兰@9lin jia lan@4编 |
| 701 | 0 | @a梁明初@9liang ming chu@4编 |
| 801 | 0 | @aCN@bAiZhiMarc@c19910110 |
| 905 | @aBZT@dTG75-44@e1@f1@sTG75-44/1 | |
| 机床夹具设计习题集/林家兰,梁明初编.-北京:机械工业出版社,1990.7 |
| 27页;19×26厘米 |
| ISBN 978-7-111-02408-8:CNY1.20 |
| ● |
| 相关链接 |
|
|
|
正题名:机床夹具设计习题集
索取号:TG75-44/1
 
预约/预借
| 序号 | 登录号 | 条形码 | 馆藏地/架位号 | 状态 | 备注 |
| 1 | 2000072127 | 2000072127 | 旧书回溯/ [索取号:TG75-44/1] | 在馆 |